000 00554nam a2200181Ia 4500
008 090122s9999 xx 000 0 und d
082 _b3003
_a891.4687
100 _aमंत्री
_bरमेश
245 _aतास पहिला
260 _bअनुभव प्रकाशन
_c1997
300 _a170
501 _aदेणगी - शुभम साहित्य
600 _aमंत्री
630 _aतास पहिला
700 _aमंत्री
730 _aतास पहिला
942 _cBOOK
999 _c27081
_d27081